• 首页
  • 本馆介绍
  • 公告通知
  • 最新文献
  • 馆藏检索
  • 电子资源
  • 读者导购
  • 参考咨询
  • 我的图书馆
  • 登录
  • 详细信息显示
  • 放入我的书架
  • 预约/预借图书
  • 作者相关作品
  • 分类相关作品
  • 丛书相关作品
  • 出版社相关作品

书目信息

  • 表格格式
  • 工作单格式
  • 卡片格式
题名:
垃圾管理综合法律法规
    
 
作者: 王金锋 主编
分册: 1  
出版信息: 汕头   汕头大学出版社  2018
页数: 138页
开本: 22cm
丛书名:
单 册:
中图分类: D922.683.4 , D922.68
科图分类:
主题词: 垃圾处理--环境保护法--中国--学习参考资料
电子资源:
ISBN: 978-7-5658-2943-7
000 00852nam0 2200241 450
001 2364848957
005 20231128185358.87
010    @a978-7-5658-2943-7@dCNY29.80
100    @a20181129d2018 em y0chiy50 ea
101 0  @achi
102    @aCN@b440000
105    @ay n 000yy
200 1  @a垃圾管理综合法律法规@Ala ji guan li zong he fa lv fa gui@h1@f王金锋主编
210    @a汕头@c汕头大学出版社@d2018
215    @a138页@d22cm
300    @a全国“七五”普法学习读本 垃圾管理处理法律法规学习读本
330    @a本书分为城市生活垃圾管理办法和城市建筑垃圾管理规定两个部分,包括总则、治理规划与设施建设、处置、监督管理、法律责任等内容。
606 0  @a垃圾处理@x环境保护法@y中国@j学习参考资料
690    @aD922.683.4@v5
690    @aD922.68@v4
701  0 @a王金锋@Awang jin feng@4主编
801  0 @aCN@b91MARC@c20181129
905    @aZUCC@dD922.68@e10:1
    
    垃圾管理综合法律法规.1/王金锋主编.-汕头:汕头大学出版社,2018
    138页;22cm
    全国“七五”普法学习读本 垃圾管理处理法律法规学习读本
    
    ISBN 978-7-5658-2943-7:CNY29.80
    本书分为城市生活垃圾管理办法和城市建筑垃圾管理规定两个部分,包括总则、治理规划与设施建设、处置、监督管理、法律责任等内容。
●
相关链接 在五车中查询图书 在当当中查询图书 在豆瓣中查询图书


正题名:垃圾管理综合法律法规     索取号:D922.68/10:1         预约/预借

序号 登录号 条形码 馆藏地/架位号 状态 备注
1 2001012875   2001012875   辽宁一、悦读混合/辽宁北配(第三批)/辽批33/ [索取号:D922.68/10:1] 在馆    
2 2001012876   2001012876   辽宁一、悦读混合/辽宁北配(第三批)/辽批33/ [索取号:D922.68/10:1] 在馆    
3 2001012877   2001012877   辽宁一、悦读混合/辽宁北配(第三批)/辽批33/ [索取号:D922.68/10:1] 在馆    
4 2001012878   2001012878   辽宁一、悦读混合/辽宁北配(第三批)/辽批33/ [索取号:D922.68/10:1] 在馆    
5 2001012879   2001012879   辽宁一、悦读混合/辽宁北配(第三批)/辽批33/ [索取号:D922.68/10:1] 在馆    
6 2001012880   2001012880   辽宁一、悦读混合/辽宁北配(第三批)/辽批33/ [索取号:D922.68/10:1] 在馆    
山东省滨州职业学院图书馆 欢迎您!
大连网信软件有限公司© 版权所有